Champions de Grèce (Football) - Statistiques

Statistiques générales
  • Ce quiz a été pris 113 fois
  • Le résultat moyen est 4 sur 6
Statistiques - réponses
Club % Correct
AEK Athènes
97%
Olympiakos
94%
Panathinaïkos
88%
PAOK Salonique
75%
Aris Salonique
49%
AEL Larissa
18%
Aucun quiz correspondant
Distribution des résultats
% des personnes avec chaque résultat
Percentile par nombre de réponses
Votre historique - résultats
Vous n’avez pas pris ce quiz